<?xml version="1.0" encoding="UTF-8"?>
<record
    xmlns:xsi="http://www.w3.org/2001/XMLSchema-instance"
    xsi:schemaLocation="http://www.loc.gov/MARC21/slim http://www.loc.gov/standards/marcxml/schema/MARC21slim.xsd"
    xmlns="http://www.loc.gov/MARC21/slim">

  <leader>01241nam a2200289 u 4500</leader>
  <controlfield tag="001">44488</controlfield>
  <controlfield tag="005">20260504071614.0</controlfield>
  <controlfield tag="008">960313s1984                        spa  </controlfield>
  <datafield tag="020" ind1=" " ind2=" ">
    <subfield code="a">9789505821006</subfield>
  </datafield>
  <datafield tag="035" ind1=" " ind2=" ">
    <subfield code="a">44488</subfield>
  </datafield>
  <datafield tag="035" ind1=" " ind2=" ">
    <subfield code="a">(OCoLC)778107103</subfield>
  </datafield>
  <datafield tag="040" ind1=" " ind2=" ">
    <subfield code="c">comduadb</subfield>
  </datafield>
  <datafield tag="041" ind1=" " ind2=" ">
    <subfield code="a">spa</subfield>
  </datafield>
  <datafield tag="082" ind1=" " ind2="4">
    <subfield code="a">361</subfield>
  </datafield>
  <datafield tag="100" ind1="1" ind2="0">
    <subfield code="a">Macias Gomez, Edgar</subfield>
    <subfield code="4">aut</subfield>
    <subfield code="e">aut</subfield>
    <subfield code="9">477286</subfield>
  </datafield>
  <datafield tag="245" ind1="1" ind2="0">
    <subfield code="a">Hacia un trabajo social liberador : una introducci&#xF3;n al trabajo social reconceptualizado</subfield>
  </datafield>
  <datafield tag="250" ind1=" " ind2=" ">
    <subfield code="a">2. Edici&#xF3;n</subfield>
  </datafield>
  <datafield tag="260" ind1=" " ind2=" ">
    <subfield code="a">Buenos Aires :</subfield>
    <subfield code="b">Editorial Humanitas,</subfield>
    <subfield code="c">1984.</subfield>
  </datafield>
  <datafield tag="300" ind1=" " ind2=" ">
    <subfield code="a">196 p&#xE1;ginas</subfield>
  </datafield>
  <datafield tag="490" ind1="0" ind2=" ">
    <subfield code="a">Desarrollo Social</subfield>
  </datafield>
  <datafield tag="505" ind1=" " ind2=" ">
    <subfield code="a">CONTENIDO : Introducci&#xF3;n. -- 1: El trabajo social como profesi&#xF3;n. -- 2: Filosof&#xED;a e ideolog&#xED;a del trabajo social. -- 3: Los valores del trabajo social. -- 4: Objetivos, funciones y rol del trabajo social. -- 5: Metodolog&#xED;a del trabajo social. -- 6: Lo din&#xE1;mico concreto del trabajo social: Campos de aplicaci&#xF3;n. -- 8: Otros campos del trabajo social. -- 9: Palabras finales. .</subfield>
  </datafield>
  <datafield tag="650" ind1=" " ind2="7">
    <subfield code="a">Asistencia social</subfield>
    <subfield code="2">embne</subfield>
    <subfield code="9">32531</subfield>
  </datafield>
  <datafield tag="650" ind1=" " ind2="7">
    <subfield code="a">Trabajo social</subfield>
    <subfield code="2">lemb</subfield>
    <subfield code="9">924</subfield>
  </datafield>
  <datafield tag="650" ind1=" " ind2="0">
    <subfield code="a">Trabajo social como profesi&#xF3;n</subfield>
    <subfield code="9">5666</subfield>
  </datafield>
  <datafield tag="700" ind1="1" ind2="0">
    <subfield code="a">Lacayo de Macias, Ruth</subfield>
    <subfield code="4">aut</subfield>
    <subfield code="e">aut</subfield>
    <subfield code="9">250697</subfield>
  </datafield>
  <datafield tag="942" ind1=" " ind2=" ">
    <subfield code="c">BOOK</subfield>
  </datafield>
  <datafield tag="999" ind1=" " ind2=" ">
    <subfield code="c">25928</subfield>
    <subfield code="d">25928</subfield>
  </datafield>
  <datafield tag="952" ind1=" " ind2=" ">
    <subfield code="0">0</subfield>
    <subfield code="1">0</subfield>
    <subfield code="4">0</subfield>
    <subfield code="7">0</subfield>
    <subfield code="8">GEN</subfield>
    <subfield code="a">BC</subfield>
    <subfield code="b">BC</subfield>
    <subfield code="d">1997-06-04</subfield>
    <subfield code="e">Otros proveedores</subfield>
    <subfield code="g">1550.00</subfield>
    <subfield code="i">C74323</subfield>
    <subfield code="l">1</subfield>
    <subfield code="o">361.001 M152h</subfield>
    <subfield code="p">61000000908158</subfield>
    <subfield code="r">2023-08-09 00:00:00</subfield>
    <subfield code="s">2023-07-26</subfield>
    <subfield code="t">1</subfield>
    <subfield code="w">2023-04-20</subfield>
    <subfield code="y">BOOK</subfield>
  </datafield>
  <datafield tag="952" ind1=" " ind2=" ">
    <subfield code="0">0</subfield>
    <subfield code="1">0</subfield>
    <subfield code="4">0</subfield>
    <subfield code="7">0</subfield>
    <subfield code="8">GEN</subfield>
    <subfield code="a">BC</subfield>
    <subfield code="b">BC</subfield>
    <subfield code="d">1998-04-28</subfield>
    <subfield code="e">Otros proveedores</subfield>
    <subfield code="g">1550.00</subfield>
    <subfield code="i">C243404</subfield>
    <subfield code="l">0</subfield>
    <subfield code="o">361.001 M152h e2</subfield>
    <subfield code="p">61000001475173</subfield>
    <subfield code="r">2025-07-25 16:54:26</subfield>
    <subfield code="t">2</subfield>
    <subfield code="w">2023-04-20</subfield>
    <subfield code="y">BOOK</subfield>
  </datafield>
  <datafield tag="952" ind1=" " ind2=" ">
    <subfield code="0">0</subfield>
    <subfield code="1">0</subfield>
    <subfield code="4">0</subfield>
    <subfield code="7">0</subfield>
    <subfield code="8">GEN</subfield>
    <subfield code="a">BC</subfield>
    <subfield code="b">BC</subfield>
    <subfield code="d">1999-05-11</subfield>
    <subfield code="e">Otros proveedores</subfield>
    <subfield code="g">11100.00</subfield>
    <subfield code="i">C465083</subfield>
    <subfield code="l">0</subfield>
    <subfield code="o">361.001 M152h e3</subfield>
    <subfield code="p">6-10000003110572</subfield>
    <subfield code="r">2025-10-20 13:58:25</subfield>
    <subfield code="t">3</subfield>
    <subfield code="w">2023-04-20</subfield>
    <subfield code="y">BOOK</subfield>
  </datafield>
</record>
